Jeppy en los escudos de fútbol #2 - Estadísticas

Estadísticas generales
  • Esta prueba ha sido intentada 1.970 veces
  • La puntuación promedio es 11 de 16
Estadísticas de respuestas
Imagen Respuesta % Correcto
Real Betis Balompié
98%
Chelsea
97%
Paris Saint-Germain
97%
CA Osasuna
92%
Aston Villa
78%
Fenerbahçe
77%
VfL Wolfsburg
76%
Crystal Palace
75%
Genoa
70%
Cagliari
69%
Crvena zvezda
69%
1. FC Köln
66%
Olympiakós
66%
FC Cincinnati
33%
Philadelphia Union
24%
Al-Ettifaq
12%
No se encontraron pruebas coincidentes
Distribución de puntuación
Porcentaje de gente con cada puntuación
Porcentaje por número respondido
Historial de tus puntuaciones
No has intentado esta prueba.